Statistiques concernant Réviser la littérature française

Cliquez ici pour prendre le quiz!

Statistiques générales

  • Ce quiz a été pris 183 fois
  • Le résultat moyen est 11 sur 20

Statistiques - réponses

IndiceRéponse% Correct
Le malade imaginaire (1673)Molière (1622-1673)
100%
Le Rouge et le Noir (1830)Stendhal (1783-1842)
100%
L'étranger (1942)Albert Camus (1913-1960)
96%
Les Fleurs du mal (1857)Charles Baudelaire (1821-1867)
96%
Les Rougon-Macquart (1876-1885)Emile Zola (1840-1902)
96%
Germinal (1885)Emile Zola (1840-1902)
96%
Les Misérables (1862)Victor Hugo (1802-1885)
96%
Bel-Ami (1885)Guy de Maupassant (1850-1893)
95%
L'avare (1668)Molière (1622-1673)
95%
Les fourberies de scapin (1671)Molière (1622-1673)
95%
Notre-Dame de Paris (1831)Victor Hugo (1802-1885)
95%
Voyage au bout de la nuit (1932)Céline (1894-1961)
94%
Le deuxième sexe (1949)Simone de Beauvoir (1908-1986)
94%
Le père Goriot (1835)Honoré de Balzac (1799-1850)
92%
Voyage au centre de la Terre (1864)Jules Verne (1828-1905)
92%
Candide ou l'optimisme (1759)Voltaire (1694-1778)
92%
Nana (1879)Emile Zola (1840-1902)
89%
Le tour du monde en 80 jours (1872)Jules Verne (1828-1905)
89%
L'école des femmes (1662)Molière (1622-1673)
89%
Le dernier jour d'un condamné (1829)Victor Hugo (1802-1885)
89%
Vingt Mille Lieues sous les Mers (1869)Jules Verne (1828-1905)
88%
Le tartufe (1664)Molière (1622-1673)
88%
Les contemplations (1856)Victor Hugo (1802-1885)
88%
L'assommoire (1876)Emile Zola (1840-1902)
86%
Le bourgeois gentilhomme (1670)Molière (1622-1673)
85%
La horla (1887)Guy de Maupassant (1850-1893)
84%
À la recherche du temps perdu (1913-1927)Marcel Proust (1871-1922)
84%
Madame Bovary (1857)Gustave Flaubert (1821-1880)
83%
Du contrat social (1762)Jean-Jacques Rousseau (1712-1778)
83%
Le misanthrope (1666)Molière (1622-1673)
83%
Le Cid (1637)Pierre Corneille (1606-1684)
83%
Essais (1572-1592)Montaigne (1533-1592)
82%
Phèdre (1677)Jean Racine (1639-1699)
81%
Lettre persanes (1721)Montesquieu (1689-1755)
81%
Zadig ou la destinée (1748)Voltaire (1694-1778)
79%
Andromaque (1667)Jean Racine (1639-1699)
78%
Thérèse Raquin (1867)Emile Zola (1840-1902)
76%
Guargantua (1534)François Rabelais (1483-1553)
76%
L'encyclopédie (1751-1772)Denis Diderot et d'Alembert
75%
Les Précieuses ridicules (1659)Molière (1622-1673)
75%
De la Terre à la Lune (1865)Jules Verne (1828-1905)
74%
La comédie humaine (1831-1850)Honoré de Balzac (1799-1850)
73%
Les confessions (1765-1770)Jean-Jacques Rousseau (1712-1778)
73%
Fables (1668-1694)Jean de la Fontaine (1621-1695)
70%
Le Mythe de Sisyphe (1942)Albert Camus (1913-1960)
68%
Boule de Suif (1880)Guy de Maupassant (1850-1893)
67%
La peau de chagrin (1831)Honoré de Balzac (1799-1850)
67%
Hernani (1830)Victor Hugo (1802-1885)
66%
Le Bateau ivre (1871)Arthur Rimbaud (1854-1891)
63%
Pensées (1670)Blaise Pascal (1623-1662)
62%
De l'esprit et des lois (1748)Montesquieu (1689-1755)
61%
Le barbier de Séville (1775)Beaumarchais (1732-1799)
60%
La nausée (1938)Jean-Paul Sartre (1905-1980)
60%
Bérénice (1670)Jean Racine (1639-1699)
58%
Les yeux d'Elsa (1942)Louis Aragon (1897-1982)
57%
La chartreuse de Parme (1839)Stendhal (1783-1842)
57%
L'homme qui rit (1869)Victor Hugo (1802-1885)
57%
Calligrammes (1918)Guillaume Apollinaire (1880-1918)
56%
Dom Juan ou le festin de Pierre (1665)Molière (1622-1673)
56%
L'amant (1984)Marguerite Duras (1914-1996)
54%
Le jeu de l'amour et du hasard (1730)Pierre de Marivaux (1688-1763)
54%
Le mariage de Figaro (1784)Beaumarchais (1732-1799)
53%
Déclaration des Droits de la Femme et de la Citoyenne (1791)Olympes de Gouges (1748-1793)
53%
Ruy Blas (1838)Victor Hugo (1802-1885)
52%
L'ingénu (1767)Voltaire (1694-1778)
52%
La Mare au diable (1846)George Sand (1804-1876)
50%
Alcools (1913)Guillaume Apollinaire (1880-1918)
50%
Mort à crédit (1936)Céline (1894-1961)
48%
Claudine à l'école (1900)Colette (1873-1954)
48%
Le fou d'Elsa (1963)Louis Aragon (1897-1982)
46%
Les Paradis artificiels (1860)Charles Baudelaire (1821-1867)
43%
Les Mots (1963)Jean-Paul Sartre (1905-1980)
43%
Les travailleurs de la mer (1866)Victor Hugo (1802-1885)
42%
Dictionnaire philosophique (1764)Voltaire (1694-1778)
42%
Illuminations (1872-1875)Arthur Rimbaud (1854-1891)
39%
Une saison en enfer (1873)Arthur Rimbaud (1854-1891)
35%
Cromwell (1827)Victor Hugo (1802-1885)
35%
Julie ou la nouvelle Héloïse (1761)Jean-Jacques Rousseau (1712-1778)
34%
Quatrevingt-treize (1874)Victor Hugo (1802-1885)
33%
Un barrage contre le Pacifique (1950)Marguerite Duras (1914-1996)
32%
Les amours (1552-1578)Pierre de Ronsard (1524-1585)
32%
Maximes (1665)François de la Rochefoucauld (1613-1680)
31%
Le ravissement de Lol V.Stein (1964)Marguerite Duras (1914-1996)
31%
La religieuse (1780)Denis Diderot (1713-1784)
28%
Lettres philosophiques (1734)Voltaire (1694-1778)
28%
Salammbo (1862)Gustave Flaubert (1821-1880)
27%
Aurélien (1944)Louis Aragon (1897-1982)
25%
La Princesse de Clèves (1678)Madame de La Fayette (1634-1693)
25%
Amphitryon (1668)Molière (1622-1673)
25%
L'îles des esclaves (1725)Pierre de Marivaux (1688-1763)
24%
Le mur (1939)Jean-Paul Sartre (1905-1980)
21%
Indiana (1832)George Sand (1804-1876)
18%
Les caractères (1688)Jean de la Bruyère (1645-1696)
18%
La Princesse de Montpensier (1667)Madame de La Fayette (1634-1693)
18%
Chéri (1920)Colette (1873-1954)
15%
Défense et illustration de la langue française (1549)Joachim du Bellay (1522-1560)
15%
Zambor et Mirza ou l'esclavage des noirs (1784)Olympes de Gouges (1748-1793)
14%
Les regrets (1558)Joachim du Bellay (1522-1560)
13%
La mère coupable (1792)Beaumarchais (1732-1799)
12%
Les exploits d'un jeune Don Juan (1911)Guillaume Apollinaire (1880-1918)
11%
Marion de Lorme (1831)Victor Hugo (1802-1885)
11%
Bagatelle pour un massacre (1937)Céline (1894-1961)
10%
Les provincales (1657)Blaise Pascal (1623-1662)
9%
Les Contes de ma mère l'Oye (1697)Charles Perrault (1628-1703)
7%
Lucien Leuwen (1834)Stendhal (1783-1842)
6%
Lélia (1833)George Sand (1804-1876)
5%
Promenades dans Rome (1829)Stendhal (1783-1842)
5%
Les Onze Milles Verges ou les amours de Hospador (1907)Guillaume Apollinaire (1880-1918)
0%
Les paysan de Paris (1926)Louis Aragon (1897-1982)
0%

Distribution des résultats

Percentile par nombre de réponses

% des personnes avec chaque résultat

Votre développement - résultats

Vous n’avez pas pris ce quiz